000 00401nam a2200145Ia 4500
008 210210b1998 xxu||||| |||| 00| 0 eng d
082 _a530.02 BHAV
100 _aBHAT (M Narayana).
245 _aVinyas publishers physics made easy for C E T.
260 _aMangalore
_bVinyas Publishers
_c1998
300 _axxi,393
650 _aVinyas CET physics
690 _aPhysics Entrance
906 _a053153
999 _c101330
_d101330